00495nam a2200145Ia 4500008004100000041000800041082001200049100002200061245002300083260003700106300002400143365001100167999001700178952015400195240624s9999 xx 000 0 und d aeng a823 VIN aVINCI LEONARDO DA aDA VINCI NOTEBOOKS c2006aLondonbProfile Books Ltd. a217 : p. : cm. ; 18 cRSb33 c10800d10800 00104070aIMTNbIMTNcRack 41-Ad2008-10-06eAPg160.00l3m2n1280o823 VINp10800q2026-01-21r2026-01-11 16:58:54s2026-01-11t1w2024-06-24yBK